000 00429nam a2200181Ia 4500
005 20250618115546.0
008 191130s2008##################000#0#eng##
020 _a9780571230662
_qpbk
041 _aeng
082 _a823.92 KIN
100 _aKing, Daren
245 _aManual
_cDaren King
250 _a1st ed
260 _aLondon
_bFaber and Faber
_c2008
300 _a240 p
_c21cm
650 _aFiction
942 _cENGLISH
999 _c274544
_d274544